| 000 | 00539nam a22001937a 4500 | ||
|---|---|---|---|
| 005 | 20251108170808.0 | ||
| 008 | 250721s2001 xx 000 0 ara d | ||
| 082 | 1 | 4 | _a006.6/ديك |
| 100 | 1 | _aديكو، فائق | |
| 245 | 1 | 0 | _aAUTOCAD 2000 / |
| 264 |
_bدار الرضا، _c2001. |
||
| 300 | _a149ص | ||
| 490 | 0 | _aسلسلة الرضا لتبسيط العلوم الحاسوب ؛19 | |
| 650 | 1 | 7 | _aالحواسيب |
| 650 | 1 | 7 | _aنظم التشغيل |
| 700 | 1 | _aعمري، معتصم | |
| 942 |
_2ddc _cBK |
||
| 999 |
_c49174 _d49174 |
||